000 00464nam a2200181Ia 4500
003 GCL
008 140319s9999 xx 000 0 eng d
040 _aGCL /
_cGCL
082 0 4 _a956
_bM H
100 1 _aMANTRAN, ROBERT
245 1 0 _aHISTOIRE D'ISTANBUL /
_cMANTRAN, ROBERT
260 _a[S.N] :
_bLIBRAIRIE ARTHEME FAYARD ،
_c1996
300 _a382 P
650 0 4 _aTURKEY - HISTORY
650 0 4 _aHISTORY
650 0 4 _aISTANBUL - HISTORY
942 _2ddc
_cBK
999 _c10407
_d10407